Essentials of purposive communication / Jesus Perry L. Caudilla. (Record no. 21311)

000 -LEADER
fixed length control field 00484nam a22001457a 4500
020 ## - INTERNATIONAL STANDARD BOOK NUMBER
ISBN 9786214092079
082 ## - DEWEY DECIMAL CLASSIFICATION NUMBER
Classification number 302.2
Item number C371 2023
100 ## - MAIN ENTRY--AUTHOR NAME
Personal name Caudilla, Jesus Perry L., author.
245 ## - TITLE STATEMENT
Title Essentials of purposive communication / Jesus Perry L. Caudilla.
260 ## - PUBLICATION, DISTRIBUTION, ETC. (IMPRINT)
Place of publication Mandaluyong City :
Name of publisher Books Atbp. Publishing Corp.,
Year of publication ©2023.
300 ## - PHYSICAL DESCRIPTION
Number of Pages xii, 217 pages :
Other physical details illustrations ; 26 cm
500 ## - GENERAL NOTE
General note Includes bibliographical references.
650 ## - SUBJECT ADDED ENTRY--TOPICAL TERM
Topical Term Communication.
942 ## - ADDED ENTRY ELEMENTS (KOHA)
Koha item type Books
Holdings
Source of acquisition Permanent Location Date acquired Koha item type Collection code Accession Number Lost status Shelving location Withdrawn status Current Location Full call number
SchoolCagayan State University - Carig Library2025-08-28BooksSocial Sciences011087 General Collection Cagayan State University - Carig Library302.2 C371 2023
SchoolCagayan State University - Carig Library2025-08-28BooksSocial Sciences011088 General Collection Cagayan State University - Carig Library302.2 C371 2023
SchoolCagayan State University - Carig Library2025-08-28BooksSocial Sciences011089 General Collection Cagayan State University - Carig Library302.2 C371 2023

Cagayan State University University Library, Carig Campus
Tuguegarao City, Cagayan 3500 | www.csucarig.edu.ph

Powered by Koha